<?xml version="1.0" encoding="UTF-8"?><?xml-stylesheet type="text/xsl" href="static/style.xsl"?><OAI-PMH xmlns="http://www.openarchives.org/OAI/2.0/" xmlns:xsi="http://www.w3.org/2001/XMLSchema-instance" xsi:schemaLocation="http://www.openarchives.org/OAI/2.0/ http://www.openarchives.org/OAI/2.0/OAI-PMH.xsd"><responseDate>2026-06-01T08:24:21Z</responseDate><request verb="GetRecord" identifier="oai:riuma.uma.es:10630/38428" metadataPrefix="marc">https://riuma.uma.es/rest/oai/request</request><GetRecord><record><header><identifier>oai:riuma.uma.es:10630/38428</identifier><datestamp>2026-02-03T10:21:38Z</datestamp><setSpec>com_10630_1685</setSpec><setSpec>col_10630_38055</setSpec></header><metadata><record xmlns="http://www.loc.gov/MARC21/slim" xmlns:dcterms="http://purl.org/dc/terms/" xmlns:doc="http://www.lyncode.com/xoai" xmlns:xsi="http://www.w3.org/2001/XMLSchema-instance" xsi:schemaLocation="http://www.loc.gov/MARC21/slim http://www.loc.gov/standards/marcxml/schema/MARC21slim.xsd">
   <leader>00925njm 22002777a 4500</leader>
   <datafield ind2=" " ind1=" " tag="042">
      <subfield code="a">dc</subfield>
   </datafield>
   <datafield ind2=" " ind1=" " tag="720">
      <subfield code="a">Trujillo Morilla, Isabel María</subfield>
      <subfield code="e">author</subfield>
   </datafield>
   <datafield ind2=" " ind1=" " tag="260">
      <subfield code="c">2023</subfield>
   </datafield>
   <datafield ind2=" " ind1=" " tag="520">
      <subfield code="a">En los últimos tiempos, la fabricación aditiva ha experimentado un gran crecimiento gracias a sus ventajas como la libertad de diseño, la reducción de costes o su compatibilidad con el medio ambiente, entre otros. Esto ha permitido que muchos sectores estén mostrado interés por esta tecnología hoy en día.&#xd;
Sin embargo, como toda ciencia que se encuentra en desarrollo, quedan aún muchos aspectos por conocer para perfeccionar esta técnica. De hecho muchas líneas de investigación recientes pretenden arrojar luz sobre esta técnica.&#xd;
De ahí el interés en desarrollar este proyecto, en el que se pretende conocer la relación entre el ángulo de inclinación de una superficie y el acabado superficial de la misma, obtenidas mediante Fabricación por Filamento Fundido (FFF). El trabajo parte de una investigación previa y se centra en los ángulos que&#xd;
mostraron mayor rugosidad.&#xd;
Para afrontar el proyecto se han determinado los parámetros de impresión más adecuados y se ha diseñado la probeta específicamente para conocer este comportamiento. Mediante un estudio minucioso sobre la rugosidad y su medición, se han obtenido una serie de resultados que se han analizado&#xd;
detenidamente para poder extraer las conclusiones pertinentes a tener en cuenta en el diseño de elementos que se fabriquen con este tipo de tecnología.</subfield>
   </datafield>
   <datafield ind1="8" ind2=" " tag="024">
      <subfield code="a">https://hdl.handle.net/10630/38428</subfield>
   </datafield>
   <datafield tag="653" ind2=" " ind1=" ">
      <subfield code="a">Procesos de fabricación - Trabajos fin de grado</subfield>
   </datafield>
   <datafield tag="653" ind2=" " ind1=" ">
      <subfield code="a">Acabado - Trabajos fin de grado</subfield>
   </datafield>
   <datafield ind2="0" ind1="0" tag="245">
      <subfield code="a">Análisis de la relación "inclinación de superficie/rugosidad" en piezas elaboradas mediante fabricación aditiva</subfield>
   </datafield>
</record>
</metadata></record></GetRecord></OAI-PMH>